000 01383cam a2200397 a 4500
001 4241544
003 OSt
005 20151028113550.0
008 830613s1984 enkj b 000 0 eng
010 _a 83013053
020 _a0140444254 (pbk.)
040 _aDLC
_cDLC
_dDLC
041 1 _aenggrc
043 _ae-gr---
050 1 0 _aPA 4414
_b.So712 1984
082 0 0 _aIB 882.01
_bSo6 1982
100 0 _aSophocles.
240 1 0 _aSelections.
_lEnglish.
_f1984
245 1 4 _aThe three theban plays :
_cSophocles ; translated by Robert Fagles ; introductions and notes by Bernard Knox.
_bAntigone, Oedipus the king, Oedipus at Colonus.
260 _aHarmondsworth, Middlesex, England ;
_aNew York, N.Y. :
_bPenguin Books,
_c1984.
300 _a430 p. :
_bgeneal. table ;
_c18 cm.
440 0 _aPenguin classics
504 _aBibliography: p. [421]-423.
505 0 _aAntigone -- Oedipus the King -- Oedipus at Colonus.
562 _eFor circulation : 1 copy in the collection
600 0 0 _aSophocles
_xTranslations into English.
650 0 _aAntigone (Greek mythology)
_xDrama.
650 0 _aOedipus (Greek mythology)
_xDrama.
651 0 _aThebes (Greece)
_xDrama.
655 7 _aTragedies.
_2gsafd
700 1 _aFagles, Robert.
700 1 _aKnox, Bernard,
_d1914-2010.
906 _a7
_bcbc
_corignew
_d1
_eocip
_f19
_gy-gencatlg
942 _2lcc
_cBK
999 _c2331
_d2331